Statistics for Closest World Capitals Going Around the Equator

Click here to take the quiz!

General Stats

  • This quiz has been taken 743 times
  • The average score is 27 of 36

Answers on the Map

Answers color-coded by a green-red scale on the quiz's map according to % correct below.
 

Answer Stats

Capital% Correct
Bogotá
96%
Brasília
95%
Quito
95%
Nairobi
92%
Kuala Lumpur
90%
Singapore
90%
Mexico City
89%
Mogadishu
88%
Georgetown
84%
Port Moresby
84%
Accra
82%
Brazzaville
82%
Malé
82%
Dili
81%
Sri
Jayawardenepura
Kotte
80%
Guatemala City
80%
Paramaribo
79%
Kampala
78%
San José
78%
Monrovia
77%
San Salvador
77%
Freetown
75%
Bandar Seri
Begawan
74%
Kigali
71%
Libreville
71%
Victoria
71%
Bangui
69%
São Tomé
68%
Apia
66%
Yamoussoukro
63%
Praia
62%
South Tarawa
58%
Funafuti
57%
Yaren
57%
Ngerulmud
55%
Palikir
53%

Score Distribution

Percentile by Number Answered

Percent of People with Each Score

Your Score History

You have not taken this quiz